منظومة أيات القتال في القران الكريم / (رقم التسجيلة. 145119)

تفاصيل مارك
000 -الفاتح
عناصر البيانات ثابتة الطول 00755cam a2200217 i 4500
005 - تاريخ ووقت آخر معاملة
حقل ضبط 20251228111130.0
008 - عناصر البيانات ثابتة الطول
عناصر البيانات ثابتة الطول 250721s2020 iq gr 000 0 ara d
020 ## - الترقيم الدولي المعياري للكتب (ردمك)
الترقيم الدولي المعياري للكتب (ردمك) 9789933593407
082 14 - رقم تصنيف ديوي العشري
رقم التصنيف 218.6
رقم المادة ع ب د
100 1# - مدخل رئيسي – اسم شخصي
الاسم الشخصي عبد الحميد، محسن
علاقة الشخص بالعمل/ دوره مؤلف.
245 10 - بيان العنوان
العنوان منظومة أيات القتال في القران الكريم /
بيان المسؤولية تأليف ا.د. محسن عبد الحميد.
250 ## - بيان الطبعة
بيان الطبعة الطبعة الثالثة.
264 31 - بيانات النشر، التوزيع…إلخ
مكان النشر، التوزيع...إلخ اربيل :
اسم الناشر، الموزع...إلخ التفسير للطبع والنشر،
تاريخ النشر، التوزيع...إلخ 2020.
300 ## - الوصف المادي
عدد الوحدات المكونة للوعاء 168صفحة.
650 17 - مدخل إضافي بالموضوع - مصطلح موضوعي
مصطلح موضوعي أو اسم جغرافي كعنصر مدخل الفكر الاسلامي.
650 17 - مدخل إضافي بالموضوع - مصطلح موضوعي
مصطلح موضوعي أو اسم جغرافي كعنصر مدخل فقة الجهاد.
650 17 - مدخل إضافي بالموضوع - مصطلح موضوعي
مصطلح موضوعي أو اسم جغرافي كعنصر مدخل التجديد.
650 17 - مدخل إضافي بالموضوع - مصطلح موضوعي
مصطلح موضوعي أو اسم جغرافي كعنصر مدخل الاصلاح.
942 ## - بيانات إضافية (كوها)
نوع التنصيف Dewey Decimal Classification
نوع المادة (كوها) كتب
المقتنيات
حالة السحب حالة الفقدان مصدر التصنيف حالة التلف غير قابل للإعارة المكتبة الرئيسية المكتبة الحالية موقع الرف تاريخ التزويد الرقم المتسلسل Total Checkouts رقم الإستدعاء الباركود تاريخ آخر ظهور تاريخ الفاتورة نوع المادة (كوها)
    Dewey Decimal Classification     المكتبة المركزية المكتبة المركزية الإعارة 28/07/2025 1782274   218.6/ع ب د PLD00506738 28/07/2025 28/07/2025 كتب
Implemented & Customized by: BBB with SCIT (Smart Chains for Information Technology)

Powered by Koha